World Countries by Population 1955 - Statistics

General Stats
  • This quiz has been taken 75 times
  • The average score is 54 of 196
Answer Stats
Population
2024
Population
1955
Answer % Correct
1,423,103,777 599,378,000 China
100%
1,468,224,216 383,140,000 India
100%
351,418,660 167,310,000 United States
100%
143,700,801 110,305,000 Russia
95%
286,465,898 76,294,000 Indonesia
82%
122,878,647 91,927,000 Japan
82%
213,076,342 61,151,000 Brazil
77%
83,848,611 70,207,000 Germany
77%
256,586,439 39,604,000 Pakistan
73%
176,412,246 45,239,000 Bangladesh
68%
69,260,635 44,834,000 France
68%
59,075,507 47,983,000 Italy
68%
239,181,828 40,551,000 Nigeria
68%
70,231,241 51,337,000 United Kingdom
68%
132,308,269 31,191,000 Mexico
64%
87,759,559 23,974,000 Turkey
59%
101,800,986 27,797,000 Vietnam
59%
118,954,334 23,502,000 Egypt
55%
37,987,808 26,824,000 Poland
55%
47,879,833 28,971,000 Spain
55%
117,106,246 22,420,000 Philippines
50%
51,646,665 21,760,000 South Korea
50%
39,455,840 39,585,000 Ukraine
50%
45,903,193 18,551,000 Argentina
45%
114,050,017 13,484,000 Democratic Republicof the Congo
45%
136,629,685 19,225,000 Ethiopia
45%
92,687,090 18,456,000 Iran
45%
71,601,699 23,022,000 Thailand
45%
27,062,100 9,095,000 Australia
41%
40,249,010 15,531,000 Canada
41%
19,890,733 7,255,000 Chile
41%
53,603,589 13,283,000 Colombia
41%
34,696,301 8,699,000 Peru
41%
11,764,464 8,813,000 Belgium
36%
10,560,508 9,254,000 Czech Republic
36%
9,611,510 9,765,000 Hungary
36%
54,966,907 19,350,000 Myanmar
36%
18,568,246 10,738,000 Netherlands
36%
26,594,220 10,310,000 North Korea
36%
10,406,536 8,638,000 Portugal
36%
18,872,120 17,371,000 Romania
36%
52,213,070 7,074,000 Sudan
36%
10,672,709 7,235,000 Sweden
36%
28,555,928 6,623,000 Venezuela
36%
44,246,632 8,265,000 Afghanistan
32%
47,641,059 10,130,000 Algeria
32%
9,111,268 6,944,000 Austria
32%
6,699,291 7,505,000 Bulgaria
32%
10,921,974 6,477,000 Cuba
32%
9,925,340 7,946,000 Greece
32%
47,355,847 6,298,000 Iraq
32%
20,928,003 7,866,000 Kazakhstan
32%
29,611,171 9,173,000 Nepal
32%
6,671,925 6,307,000 Serbia
32%
64,991,692 14,364,000 South Africa
32%
23,270,660 8,533,000 Sri Lanka
32%
8,982,026 4,970,000 Switzerland
32%
23,078,170 8,930,000 Taiwan
32%
71,226,524 8,533,000 Tanzania
32%
37,284,144 6,958,000 Uzbekistan
32%
8,977,510 7,502,000 Belarus
27%
12,639,369 3,327,000 Bolivia
27%
3,839,118 4,065,000 Croatia
27%
6,122,515 4,482,000 Denmark
27%
18,342,588 3,953,000 Ecuador
27%
5,623,683 4,212,000 Finland
27%
35,279,555 5,820,000 Ghana
27%
18,783,614 3,485,000 Guatemala
27%
11,951,077 3,504,000 Haiti
27%
57,906,156 6,435,000 Kenya
27%
36,118,313 6,864,000 Malaysia
27%
25,447,592 5,007,000 Mali
27%
39,149,944 10,042,000 Morocco
27%
35,968,889 6,235,000 Mozambique
27%
5,636,664 3,411,000 Norway
27%
5,462,019 3,762,000 Slovakia
27%
25,927,325 3,997,000 Syria
27%
51,850,665 6,520,000 Uganda
27%
1,000 1,000 Vatican City
27%
39,433,822 4,798,000 Angola
23%
10,417,807 3,422,000 Azerbaijan
23%
3,131,118 2,921,000 Bosnia and Herzegovina
23%
17,918,345 4,836,000 Cambodia
23%
11,551,417 2,732,000 Dominican Republic
23%
3,806,317 3,707,000 Georgia
23%
5,325,080 2,908,000 Ireland
23%
2,815,652 2,560,000 Lithuania
23%
33,004,683 4,433,000 Madagascar
23%
2,982,336 2,748,000 Moldova
23%
12,000 4,000 Nauru
23%
42,177,310 4,964,000 Yemen
23%
2,764,485 1,400,000 Albania
18%
83,000 6,000 Andorra
18%
94,000 50,000 Antigua and Barbuda
18%
403,683 92,000 Bahamas
18%
1,654,615 135,000 Bahrain
18%
283,000 223,000 Barbados
18%
425,050 79,000 Belize
18%
467,366 63,000 Brunei
18%
24,254,615 4,441,000 Burkina Faso
18%
14,505,422 2,479,000 Burundi
18%
30,138,516 4,657,000 Cameroon
18%
5,160,515 1,083,000 Costa Rica
18%
1,375,099 529,000 Cyprus
18%
66,000 52,000 Dominica
18%
1,424,466 434,000 East Timor
18%
6,374,879 2,427,000 El Salvador
18%
1,337,851 1,161,000 Estonia
18%
114,000 36,000 Federated States of Micronesia
18%
934,366 344,000 Fiji
18%
117,000 83,000 Grenada
18%
837,366 476,000 Guyana
18%
11,067,469 1,764,000 Honduras
18%
399,367 156,000 Iceland
18%
136,683 42,000 Kiribati
18%
1,671,267 858,000 Kosovo
18%
7,485,637 1,923,000 Kyrgyzstan
18%
1,846,484 1,991,000 Latvia
18%
40,000 15,000 Liechtenstein
18%
682,733 304,000 Luxembourg
18%
530,683 81,000 Maldives
18%
547,050 316,000 Malta
18%
38,000 13,000 Marshall Islands
18%
38,000 21,000 Monaco
18%
629,584 438,000 Montenegro
18%
5,279,298 2,139,000 New Zealand
18%
7,038,736 1,514,000 Nicaragua
18%
1,810,584 1,348,000 North Macedonia
18%
18,000 8,000 Palau
18%
4,590,130 966,000 Panama
18%
10,826,518 1,716,000 Papua New Guinea
18%
7,041,686 1,663,000 Paraguay
18%
3,137,180 28,000 Qatar
18%
14,680,324 2,525,000 Rwanda
18%
47,000 52,000 Saint Kitts and Nevis
18%
180,000 94,000 Saint Lucia
18%
100,000 70,000 Saint Vincent and the Grenadines
18%
219,683 98,000 Samoa
18%
34,000 14,000 San Marino
18%
2,116,317 1,524,000 Slovenia
18%
845,149 121,000 Solomon Islands
18%
12,272,323 2,680,000 South Sudan
18%
642,050 222,000 Suriname
18%
10,852,567 1,783,000 Tajikistan
18%
104,000 56,000 Tonga
18%
1,512,366 731,000 Trinidad andTobago
18%
12,372,229 3,961,000 Tunisia
18%
7,659,980 1,399,000 Turkmenistan
18%
9,000 5,000 Tuvalu
18%
3,384,317 2,352,000 Uruguay
18%
337,733 56,000 Vanuatu
18%
22,119,568 2,662,000 Zambia
18%
2,944,485 1,558,000 Armenia
14%
682,733 192,000 Bhutan
14%
2,576,348 459,000 Botswana
14%
528,366 195,000 Cape Verde
14%
21,192,495 2,738,000 Chad
14%
32,976,362 3,091,000 Cote d'Ivoire
14%
1,189,466 72,000 Djibouti
14%
3,632,962 878,000 Eritrea
14%
1,260,783 304,000 Eswatini
14%
2,611,447 487,000 Gabon
14%
15,216,787 3,241,000 Guinea
14%
9,561,395 1,569,000 Israel
14%
2,836,317 1,544,000 Jamaica
14%
11,484,119 604,000 Jordan
14%
5,054,011 176,000 Kuwait
14%
7,907,833 1,871,000 Laos
14%
5,865,397 1,532,000 Lebanon
14%
5,771,308 1,005,000 Liberia
14%
22,408,592 3,213,000 Malawi
14%
3,530,664 841,000 Mongolia
14%
3,114,180 543,000 Namibia
14%
28,221,909 2,991,000 Niger
14%
5,560,587 485,000 Oman
14%
19,079,519 2,869,000 Senegal
14%
133,683 40,000 Seychelles
14%
8,880,105 2,108,000 Sierra Leone
14%
5,883,297 1,286,000 Singapore
14%
19,874,912 2,500,000 Somalia
14%
9,792,349 1,516,000 Togo
14%
11,435,471 98,000 United ArabEmirates
14%
17,060,274 3,213,000 Zimbabwe
14%
14,934,885 2,341,000 Benin
9%
5,575,854 1,546,000 Central AfricanRepublic
9%
888,466 178,000 Comoros
9%
1,953,714 245,000 Equatorial Guinea
9%
2,843,180 344,000 Gambia
9%
2,266,397 563,000 Guinea-Bissau
9%
2,371,882 635,000 Lesotho
9%
7,485,637 1,222,000 Libya
9%
5,364,873 722,000 Mauritania
9%
1,267,317 592,000 Mauritius
9%
6,536,592 923,000 Republic of the Congo
9%
242,050 64,000 São Tomé and Príncipe
9%
34,770,709 1,996,000 Saudi Arabia
9%
No matching quizzes found
Score Distribution
Percent of People with Each Score
Percentile by Number Answered
Your Score History
You have not taken this quiz